Movies by Letter - D - Statistics

General Stats
  • This quiz has been taken 109 times
    69 since last reset
  • The average score is 11 of 25
Answer Stats
Hint Answer % Correct
Cruella de Vil's favorite breed Dalmatian
100%
She could have gone back to Kansas all along Dorothy Gale
84%
What everyone but Horatio does at the end of Hamlet dies
83%
Anne Hathaway dresses to impress Meryl Streep The Devil Wears Prada
83%
Country of the above, and Lars von Trier Denmark
81%
Now outdated medium that killed VHS and laserdisc in early 2000s DVD
76%
2017 Christopher Nolan World War II film Dunkirk
70%
Evita's power ballad, sung by Madonna in a 1996 film Don't Cry for Me, Argentina
62%
Perhaps Bela Lugosi's most iconic role Dracula
62%
First authorized Bond film Dr. No
62%
Missouri-born animator who founded a media empire Walt Disney
62%
Waterfowl who first appeared in Porky's Duck Hunt Daffy Duck
56%
Waterfowl who first appeared in The Wise Little Hen Donald Duck
49%
She can't forget "P. Sherman 42 Wallaby Way" Dory
46%
German-born star of The Blue Angel, Blonde Venus, and Shanghai Express Marlene Dietrich
30%
Word invented by John Grierson in 1926 to describe certain nonfiction films documentary
29%
Wes Anderson film set on a train The Darjeeling Limited
24%
Star of The Umbrellas of Cherbourg, Repulsion, Belle de Jour, and Mississippi Mermaid Catherine Deneuve
21%
Technical term for music that is heard by the characters onscreen diegetic
13%
Director of Vampyr, Ordet, Gertrud, and The Passion of Jean of Arc Carl Dreyer
8%
Jen and Kira must stop the evil Skeksis before the three suns align The Dark Crystal
8%
Experimental director of Meshes of the Afternoon, At Land, and Meditation on Violence Maya Deren
6%
Term for shooting a scene in sunlight to make it look like moonlight day for night
5%
English cinematographer for Wong Kar-wai, Sam Mendes, the Coen brothers, and Wall-E Roger Deakins
5%
Soviet director of Earth, Ivan, and Life in Bloom Aleksandr Dovzhenko
2%
No matching quizzes found
Score Distribution
Percent of People with Each Score
Percentile by Number Answered
Your Score History
You have not taken this quiz since the last reset